Sports Quiz

Random Sports or MLB Quiz
Score 0/90 Timer 10:00
0 Plays Today
Year Name % Correct
2012Robinson Canó
94%
2018José Altuve
93.5%
2017José Altuve
92.7%
2013Robinson Canó
92.1%
2014Robinson Canó
92%
2016José Altuve
89.9%
2010Robinson Canó
88.7%
2011Robinson Canó
87.5%
2015José Altuve
86.5%
2008Dustin Pedroia
84.2%
1992Roberto Alomar
79.9%
1993Roberto Alomar
79.9%
1994Roberto Alomar
79.9%
1996Roberto Alomar
79.9%
1991Roberto Alomar
79.9%
1997Roberto Alomar
79.9%
1998Roberto Alomar
79.9%
1999Roberto Alomar
79.9%
2000Roberto Alomar
79.9%
1967Rod Carew
65.5%
1968Rod Carew
65.5%
1969Rod Carew
65.5%
1971Rod Carew
65.5%
1972Rod Carew
65.5%
1973Rod Carew
65.5%
1974Rod Carew
65.5%
1975Rod Carew
65.5%
1984Lou Whitaker
59.5%
1985Lou Whitaker
59.5%
1986Lou Whitaker
59.5%
Year Name % Correct
2002Alfonso Soriano
56.7%
2003Alfonso Soriano
56.7%
2004Alfonso Soriano
56.7%
2001Bret Boone
53.7%
2005Brian Roberts
53.2%
2019DJ LeMahieu
52.6%
1977Willie Randolph
49.9%
1980Willie Randolph
49.9%
1981Willie Randolph
49.9%
1987Willie Randolph
49.9%
1951Nellie Fox
46.4%
1955Nellie Fox
46.4%
1956Nellie Fox
46.4%
1957Nellie Fox
46.4%
1958Nellie Fox
46.4%
1959 (1)Nellie Fox
46.4%
1959 (2)Nellie Fox
46.4%
1963Nellie Fox
46.4%
2009Aaron Hill
44.3%
1988Paul Molitor
44.1%
1979Frank White
42.7%
1995Carlos Baerga
42.1%
1933Charlie Gehringer
40.9%
1934Charlie Gehringer
40.9%
1935Charlie Gehringer
40.9%
1936Charlie Gehringer
40.9%
1937Charlie Gehringer
40.9%
1938Charlie Gehringer
40.9%
1976Bobby Grich
39.9%
1982Bobby Grich
39.9%
Year Name % Correct
1941Bobby Doerr
36.5%
1943Bobby Doerr
36.5%
1944Bobby Doerr
36.5%
1946Bobby Doerr
36.5%
1950Bobby Doerr
36.5%
1990Steve Sax
36%
2007Placido Polanco
34.8%
1970Davey Johnson
31.8%
1939Joe Gordon
28.1%
1940Joe Gordon
28.1%
1942Joe Gordon
28.1%
1947Joe Gordon
28.1%
1948Joe Gordon
28.1%
1989Julio Franco
26.3%
1964Bobby Richardson
22.3%
2006Mark Loretta
15.1%
1978Don Money
12.5%
1983Manny Trillo
9.5%
1952Bobby Avila
9.4%
1954Bobby Avila
9.4%
1966Bobby Knoop
8.7%
1960 (1)Pete Runnels
8.7%
1960 (2)Pete Runnels
8.7%
1961 (1)Johnny Temple
5.8%
1961 (2)Johnny Temple
5.8%
1953Billy Goodman
5.6%
1965Felix Mantilla
5.1%
1962 (1)Billy Moran
4.6%
1962 (2)Billy Moran
4.6%
1949Cass Michaels
3.4%
Remove Ads.
Support Sporcle.
Get the best of Sporcle when you Go Orange. This ad-free experience offers more features, more stats, and more fun while also helping to support Sporcle. Thank you for becoming a member.

You're not logged in!

Compare scores with friends on all Sporcle quizzes.
OR
Log In

Sporcle TV

Today on Sporcle TV


Watch our educational content, quiz creation guides, and fun videos on Sporcle TV.

Show Comments

Extras

Top Quizzes Today


Score Distribution

Paid Content

Your Account Isn't Verified!

In order to create a playlist on Sporcle, you need to verify the email address you used during registration. Go to your Sporcle Settings to finish the process.

Report this User

Report this user for behavior that violates our Community Guidelines.

Details: